00377nam a2200157Ia 4500008004100000020001800041245002300059245002600082260001500108260002800123260000900151300001600160300002500176300001000201500000800211170705s9999 xx 000 0 und d a9780545394567 aCleopatra's moon / cVicky Alvear Shecter. aNew York : bArthur A. Levine Books, c2011 a355 pages : bcolor illustration ; c20cm. a730